Statystyki dla Kadra Polski na mundial 2022

Kliknij tutaj aby rozwiązać quiz!

Ogólne statystyki

  • Ten quiz został rozwiązany 1 134 razy
  • Średni wynik to 19 z 26

Statystyki odpowiedzi

PozycjaZawodnik% Poprawnych
BramkarzWojciech Szczęsny
99%
NapastnikRobert Lewandowski
97%
ObrońcaKamil Glik
93%
NapastnikArkadiusz Milik
92%
ObrońcaMatty Cash
89%
PomocnikPiotr Zieliński
89%
PomocnikGrzegorz Krychowiak
87%
BramkarzŁukasz Skorupski
82%
ObrońcaBartosz Bereszyński
81%
NapastnikKrzysztof Piątek
81%
ObrońcaJan Bednarek
79%
ObrońcaNicola Zalewski
79%
ObrońcaJakub Kiwior
75%
NapastnikKarol Świderski
75%
PomocnikKamil Grosicki
74%
BramkarzKamil Grabara
73%
PomocnikDamian Szymański
68%
PomocnikSebastian Szymański
68%
ObrońcaArtur Jędrzejczyk
66%
PomocnikJakub Kamiński
61%
PomocnikPrzemysław Frankowski
60%
PomocnikKrystian Bielik
58%
PomocnikMichał Skóraś
51%
ObrońcaMateusz Wieteska
43%
ObrońcaRobert Gumny
38%
PomocnikSzymon Żurkowski
37%

Rozkład punktacji

Percentyl według liczby udzielonych odpowiedzi

Procent ludzi z każdym wynikiem

Twoja historia wyników

Nie rozwiązałeś tego quizu